00379 a2200097 4500001001000000005001700010008004100027245014400068100002700212773004200239ART_4115520260410161629.0260409a 10aCumplimiento del requisito del conocimiento del estado de cesación de pagos por parte del tercero en la acción de revocatoria concursal1 aRodríguez, Raquel E.0 tEnfoquesg- Nº 2 (feb. 2017)wREV416